[Event "Krefeld Easter op"]
[Site "Krefeld"]
[Date "2025.04.21"]
[Round "9"]
[White "Starke, Julian"]
[Black "Alugili, Yosef"]
[Result "0-1"]
[WhiteElo "1614"]
[BlackElo "1707"]
[PlyCount "38"]
[EventDate "2025.04.17"]
[EventType "swiss"]
[EventRounds "9"]
[EventCountry "GER"]
[SourceTitle "CB17_2025"]
[SourceDate "2025.04.23"]
[SourceVersion "1"]
[SourceVersionDate "2025.04.23"]
[SourceQuality "1"]

1. e4 c5 2. d4 cxd4 3. Qxd4 Nc6 4. Qe3 Nf6 5. Nc3 e6 6. Bd2 Be7 7. 0-0-0 0-0 8. f3 d5 9. exd5 exd5 10. Qf2 Bf5 11. g4 Bg6 12. h4 Nb4 13. g5 Nh5 14. a3 Nxc2 15. Be3 Rc8 16. Rxd5 Qxd5 17. Nxd5 Nxe3+ 18. Kd2 Rc2+ 19. Kxe3 Bc5# 0-1

[Event "Krefeld Easter op"]
[Site "Krefeld"]
[Date "2025.04.17"]
[Round "1"]
[White "Peter, Laurenz"]
[Black "Starke, Julian"]
[Result "1-0"]
[WhiteElo "1935"]
[BlackElo "1614"]
[PlyCount "39"]
[EventDate "2025.04.17"]
[EventType "swiss"]
[EventRounds "9"]
[EventCountry "GER"]
[SourceTitle "CB17_2025"]
[SourceDate "2025.04.23"]
[SourceVersion "1"]
[SourceVersionDate "2025.04.23"]
[SourceQuality "1"]

1. d4 e6 2. c4 d5 3. Nf3 Nf6 4. g3 dxc4 5. Qa4+ c6 6. Qxc4 Na6 7. Bg2 Bb4+ 8. Nc3 0-0 9. 0-0 c5 10. Rd1 Bxc3 11. bxc3 cxd4 12. Nxd4 Qc7 13. Qxc7 Nxc7 14. c4 Rb8 15. Bf4 Nfe8 16. Nb5 Nxb5 17. Bxb8 Nc3 18. Rd3 Na4 19. Rd8 Nf6 20. Rad1 1-0